Widok standardowy
Widok MARC
Pozycja Corporate Name
Liczba rekordów, w których użyto hasła: 2
001 - Numer kontrolny
- control field: 40161
003 - Identyfikator numeru kontrolnego
- control field: NUKAT
005 - Data i czas ostatniej modyfikacji
- control field: 20260416124604.0
008 - Dane kontrolne kodowane (40 znaków)
- fixed length control field: 091027n||aaznnbabn |a ana |c
010 ## - Numer kontrolny Biblioteki Kongresu
- numer kontrolny LC: s 2009255649
040 ## - Instytucja sporządzająca rekord
- inst. przygot. dane do rek. khw: WR U/MB
- język haseł przedmiotowych/tezaurus: kaba
- inst. wprow. rek. khw: WR U/MB
110 2# - Hasło - nazwa ciała zbiorowego
- nazwa ciała zbior. lub geogr. na pocz.: Instytut Pamięci Narodowej - Komisja Ścigania Zbrodni przeciwko Narodowi Polskiemu
- określnik formy: katalogi.